Castilla la nueva / (Record no. 1264)
[ view plain ]
| 000 -CABECERA | |
|---|---|
| campo de control de longitud fija | 00840cam a2200241 a 4500 |
| 001 - NÚMERO DE CONTROL | |
| campo de control | 000001333 |
| 005 - FECHA Y HORA DE LA ÚLTIMA TRANSACCIÓN | |
| campo de control | 20200929145538.0 |
| 008 - DATOS DE LONGITUD FIJA--INFORMACIÓN GENERAL | |
| campo de control de longitud fija | 751021s1964 sp abce 001 0 spa d |
| 040 ## - FUENTE DE LA CATALOGACIÓN | |
| Centro catalogador/agencia de origen | DO-SdBNP |
| Centro/agencia transcriptor | FOFT |
| Centro/agencia modificador | OCoLC |
| -- | CNE |
| -- | DLC |
| -- | BNPHU |
| 042 ## - CÓDIGO DE AUTENTICACIÓN | |
| Código de autenticación | premarc |
| 082 ## - NÚMERO DE LA CLASIFICACIÓN DECIMAL DEWEY | |
| Número de clasificación | 915.463 |
| Número de documento/Ítem | G633c |
| 049 ## - FONDOS LOCALES (OCLC) | |
| Fondos de biblioteca | BNGR |
| 100 1# - ENTRADA PRINCIPAL--NOMBRE DE PERSONA | |
| Nombre de persona | Gómez de la Serna, Gaspar, |
| 9 (RLIN) | 4486 |
| 245 10 - MENCIÓN DE TÍTULO | |
| Título | Castilla la nueva / |
| Mención de responsabilidad, etc. | Gaspar Gómez de la Serna ; fotografías de F. Catalá Roca. |
| 260 ## - PUBLICACIÓN, DISTRIBUCIÓN, ETC. | |
| Lugar de publicación, distribución, etc. | Barcelona : |
| Nombre del editor, distribuidor, etc. | Destino, |
| Fecha de publicación, distribución, etc. | 1964. |
| 300 ## - DESCRIPCIÓN FÍSICA | |
| Extensión | 596 p. : |
| Otras características físicas | illus., fold. col. maps, ports. ; |
| Dimensiones | 22 cm. |
| 490 1# - MENCIÓN DE SERIE | |
| Mención de serie | Guías de España |
| 500 ## - NOTA GENERAL | |
| Nota general | Incluye índice |
| 651 #4 - PUNTO DE ACCESO ADICIONAL DE MATERIA--NOMBRE GEOGRÁFICO | |
| Nombre geográfico | Castilla La Nueva (España{Rpara} |
| Subdivisión general | Descripciones Y Viajes |
| -- | Guía |
| 9 (RLIN) | 4487 |
| 700 1# - PUNTO DE ACCESO ADICIONAL--NOMBRE DE PERSONA | |
| Nombre de persona | Catalá Roca, Francesc, |
| Término indicativo de función/relación | illus. |
| 9 (RLIN) | 4488 |
| 830 #0 - PUNTO DE ACCESO ADICIONAL DE SERIE-TÍTULO UNIFORME | |
| Título uniforme | Guías de España |
| 9 (RLIN) | 4489 |
| 910 ## - DATOS DE OPCIÓN DEL USUARIO (OCLC) | |
| Datos de opción del usuario | Catalogación derivada / LC |
| Estado de retiro | Estado de pérdida | Restricciones de uso | No para préstamo | Código de colección | Localización permanente | Ubicación/localización actual | Ubicación en estantería | Fecha de adquisición | Número de inventario | Total de préstamos | Signatura topográfica completa | Código de barras | Fecha visto por última vez | Precio válido a partir de | Tipo de ítem Koha |
|---|---|---|---|---|---|---|---|---|---|---|---|---|---|---|---|
| Monografías: Libros y Folletos | General | General | En catalogación | 22.09.2009 | LF1 | 915.463 G633c | 1333-10 | 25.06.2020 | 25.06.2020 | Préstamo en sala |
